000
00202nam a22000857a 4500
999
_c
11561
_d
11561
008
190618b ||||| |||| 00| 0 eng d
100
_a
Davis .Tom
_9
7268
245
_a
Scared
260
_a
U S A
_b
david
_c
2009